[Event "Halden Autumn"]
[Site "Halden"]
[Date "2011.??.??"]
[Round "5"]
[White "Thorvaldsen, Petter"]
[Black "Skaug, Thorbjorn"]
[Result "0-1"]
[WhiteElo "1074"]
[BlackElo "1115"]
[PlyCount "56"]
[EventDate "2011.08.30"]
[EventType "swiss"]
[EventRounds "9"]
[EventCountry "NOR"]
[SourceTitle "EXT 2024"]
[Source "ChessBase"]
[SourceDate "2023.10.10"]
[SourceVersion "1"]
[SourceVersionDate "2023.10.10"]
[SourceQuality "1"]

1. d4 b5 2. e4 Bb7 3. Bd3 e6 4. Nf3 c5 5. c3 a6 6. 0-0 cxd4 7. cxd4 Nf6 8. Bg5 Be7 9. Nbd2 d6 10. Rc1 Nbd7 11. Re1 0-0 12. a3 Rc8 13. Rc3 Rxc3 14. bxc3 Qa8 15. h3 Rc8 16. Qc2 e5 17. dxe5 Nxe5 18. Nxe5 dxe5 19. Bxf6 Bxf6 20. Qb3 Rc7 21. f3 Qd8 22. Qc2 Rd7 23. Re3 Bg5 24. Kf2 Bxe3+ 25. Kxe3 Qg5+ 26. Kf2 Qh4+ 27. Ke3 Qe1+ 28. Be2 Qg1# 0-1